Online
Catalog

Diccionario de dominicanismos y americanismos : (Record no. 2823)

MARC details
000 -CABECERA
campo de control de longitud fija 01047nam a2200265 a 4500
001 - NÚMERO DE CONTROL
campo de control 000002991
005 - FECHA Y HORA DE LA ÚLTIMA TRANSACCIÓN
campo de control 20250204073951.0
008 - DATOS DE LONGITUD FIJA--INFORMACIÓN GENERAL
campo de control de longitud fija 090706s2008 dr 000 0 spa d
020 ## - NÚMERO INTERNACIONAL ESTÁNDAR DEL LIBRO
Número Internacional Estándar del Libro 9789993439547
040 ## - FUENTE DE LA CATALOGACIÓN
Centro catalogador/agencia de origen DO-SdBNP
Lengua de catalogación spa
Centro/agencia transcriptor BNPHU
082 ## - NÚMERO DE LA CLASIFICACIÓN DECIMAL DEWEY
Número de clasificación R 467.97293
Número de documento/Ítem U76d, 2008
100 1# - ENTRADA PRINCIPAL--NOMBRE DE PERSONA
Nombre de persona Uribe, Max,
Fechas asociadas al nombre 1900 -1996
9 (RLIN) 9495
245 10 - MENCIÓN DE TÍTULO
Título Diccionario de dominicanismos y americanismos :
Resto del título palabras y sus orígenes /
Mención de responsabilidad, etc. Max Uribe ; prólogo Mariano Lebrón Saviñón.
250 ## - MENCIÓN DE EDICIÓN
Mención de edición 2a ed.
260 ## - PUBLICACIÓN, DISTRIBUCIÓN, ETC.
Lugar de publicación, distribución, etc. Santo Domingo :
Nombre del editor, distribuidor, etc. Librería La Trinitaria,
Fecha de publicación, distribución, etc. 2008.
300 ## - DESCRIPCIÓN FÍSICA
Extensión 634 p. ;
Dimensiones 28 cm.
500 ## - NOTA GENERAL
Nota general Edición especial por el 40 aniversario de La Librería La Trinitaria
650 #4 - PUNTO DE ACCESO ADICIONAL DE MATERIA--TÉRMINO DE MATERIA
Término de materia o nombre geográfico como elemento de entrada Dominicanismos
Subdivisión de forma DICCIONARIOS
9 (RLIN) 9496
650 #4 - PUNTO DE ACCESO ADICIONAL DE MATERIA--TÉRMINO DE MATERIA
Término de materia o nombre geográfico como elemento de entrada Americanismos
Subdivisión de forma DICCIONARIOS
9 (RLIN) 9497
650 #4 - PUNTO DE ACCESO ADICIONAL DE MATERIA--TÉRMINO DE MATERIA
Término de materia o nombre geográfico como elemento de entrada Español
Subdivisión general Etimología
Subdivisión de forma DICCIONARIOS
9 (RLIN) 9498
650 #4 - PUNTO DE ACCESO ADICIONAL DE MATERIA--TÉRMINO DE MATERIA
Término de materia o nombre geográfico como elemento de entrada Español
Subdivisión general Lexicografía
9 (RLIN) 1722
650 #4 - PUNTO DE ACCESO ADICIONAL DE MATERIA--TÉRMINO DE MATERIA
Término de materia o nombre geográfico como elemento de entrada Español
Subdivisión de forma DICCIONARIOS
Subdivisión geográfica República Dominicana
9 (RLIN) 9499
700 1# - PUNTO DE ACCESO ADICIONAL--NOMBRE DE PERSONA
Nombre de persona Lebrón Saviñon, Mariano
Fechas asociadas al nombre 1922-2014
Término indicativo de función/relación pról.
9 (RLIN) 7227
910 ## - DATOS DE OPCIÓN DEL USUARIO (OCLC)
Datos de opción del usuario Validado. Control de calidad MFF
Holdings
Estado de retiro Estado de pérdida Restricciones de uso No para préstamo Código de colección Localización permanente Ubicación/localización actual Ubicación en estantería Fecha de adquisición Número de inventario Total de préstamos Signatura topográfica completa Código de barras Fecha visto por última vez Número de copia Precio válido a partir de Tipo de ítem Koha
    Préstamo en sala   Dominicana de Servicio Biblioteca Nacional Pedro Henríquez Ureña Biblioteca Nacional Pedro Henríquez Ureña Depósito 06.07.2009 LF1   R467.97293 U76d 2991-30 25.06.2020 e. 3 25.06.2020 Préstamo en sala
    Préstamo en sala   Dominicana de Servicio Biblioteca Nacional Pedro Henríquez Ureña Biblioteca Nacional Pedro Henríquez Ureña Depósito 05.02.2010 LF1   R467.97293 U76d 2991-40 25.06.2020 e. 4 25.06.2020 Préstamo en sala
    Préstamo en sala   Dominicana de Servicio Biblioteca Nacional Pedro Henríquez Ureña Biblioteca Nacional Pedro Henríquez Ureña Depósito 05.02.2010 LF1   R467.97293 U76d 2991-50 25.06.2020 e. 5 25.06.2020 Préstamo en sala
    Préstamo en sala Excluido de préstamo Dominicana de Servicio Biblioteca Nacional Pedro Henríquez Ureña Biblioteca Nacional Pedro Henríquez Ureña Depósito 06.07.2009 LF1   R467.97293 U76d 2991-10 25.06.2020   25.06.2020 Préstamo en sala
    Préstamo en sala Excluido de préstamo Dominicana de Servicio Biblioteca Nacional Pedro Henríquez Ureña Biblioteca Nacional Pedro Henríquez Ureña Depósito 06.07.2009 LF1   R467.97293 U76d 2991-20 25.06.2020 e. 2 25.06.2020 Préstamo en sala

Powered by Koha